Nostro tesoro : nuovissima antologia italiana per il ginnasio superiore, con otto tavole fuori testo

Saved in:
Bibliographic Details
Main Author: Luciano, Silvio (Author)
Format: Book
Language:Italian
Published: Lanciano : Rocco Carabba, 1947
Textbook Catalogue:EDISCO:  Library Catalog Search Result
Textbook Classification:
Subjects:
Tags: Add Tag
No Tags, Be the first to tag this record!
Added to:2016-04-30
Changed in:2017-10-18

MARC

LEADER 00000aam a22000001 4500
001 00786
003 OSt
005 20171018093256.0
008 160501s1947 it 000 0 ita
040 |c Antonio Parlati - L'Acquila 
041 1 |a ita 
100 1 |a Luciano, Silvio  |e Author  |9 740 
245 0 0 |a Nostro tesoro :   |b nuovissima antologia italiana per il ginnasio superiore, con otto tavole fuori testo /  |c Silvio Luciano 
260 |a Lanciano :  |b Rocco Carabba,  |c 1947 
300 |a 608 p., [8] carte di tav. : ill., 1/1 ;   |c in 8° 
510 3 |a 550 
650 4 |a Letteratura  |9 62 
655 |a Antologia  |9 32 
690 7 |a Secondaria superiore  |9 8 
901 |a 1 
942 |2 ddc  |c BK 
546 |a ita 
999 |c 776  |d 776 
999 |c edisco:776  |d 776